00477nam a22001457a 4500040000900000082001600009100002500025110002200050245003600072260004200108650004400150942001200194999001900206952010600225 cNUST a620.112 KUM aKumar, Kamal9114232 aGhai, R.C9114233 aAdvanced Mechanics of Materials aNew Delhi:bKhanna Publishers,c2004. aAdvanced Mechanics of Materials9114234 2ddccBK c595603d595603 00102ddc4070aCEMEbCEMEcGENd2023-08-21l0o620.112 KUMpCEME-41694.r2023-08-21w2023-08-21yBK